| 000 | 00742cam a2200241 a 4500 | ||
|---|---|---|---|
| 001 | 000010038 | ||
| 005 | 20200929161819.0 | ||
| 008 | 930607s1992 sp 001 j spa c | ||
| 020 | _a8433909428 | ||
| 040 |
_aDO-SdBNP _bspa _cTxU _dDLC _dBNPHU |
||
| 082 |
_a863.64 _bT625v |
||
| 100 | 1 |
_aTizón, Eloy, _d1964- _925001 |
|
| 245 | 1 | 0 |
_aVelocidad de los jardines / _cEloy Tizón. |
| 260 |
_aBarcelona, (España) : _bAnagrama, _c1992. |
||
| 300 |
_a142 p. ; _c20 cm. |
||
| 490 | 1 |
_aNarrativas hispánicas _v132 |
|
| 650 | 4 |
_aCuentos españoles _93194 |
|
| 650 | 4 |
_aLiteratura española _9632 |
|
| 650 | 4 |
_aNarrativa española _925002 |
|
| 830 | 0 |
_aNarrativas hispánicas ; _v132 _921236 |
|
| 910 | _aCatalogación por copia / LC | ||
| 049 | _aBNGR | ||
| 999 |
_c9797 _d9797 |
||